LEADER 01190nam a2200265 i 4500 001 000000251727 003 CaOOAMICUS 005 20221107104607.0 008 161130s1815 it u000 u ita u 013 $a230632 026 $ao,ed ree- e.no suma (3) 1815 (A) 040 $aSeMil$bita 110 1 $aRegno Lombardo-Veneto.$0(OLS)http://semarc/name/1951 245 10$aRegolamento generale del processo civile pel Regno Lombardo-Veneto. 250 $aEdizione uffiziale. 260 $aMilano :$bDalla Cesarea Regia Stamperia,$c1815. 300 $a[4], 208 p. ;$c8º. 500 $aStemma imperiale con monogramma di Francesco I. sul front. 650 4$aLombardo-Veneto <1815-1859> - Diritto e legislazione.$0(OLS)http://semarc/subject/1315 850 $aSeMil 852 $aSeMil$W1$xVenegono$y1$m3L IV 83 FA$j135743$B135743$CSeMilBibl$Z2$F213996 $8I 852 $aSeMil$W1$xVenegono$y1$m3L V 64 FA$j202073$B202073$CSeMilBibl$Z2$F214616 $8I 996 $6245$aRegolamento generale del processo civile pel Regno Lombardo-Veneto$9(OLS)http://semarc/title/265777 996 $6260$aMilano :$bDalla Cesarea Regia Stamperia$9(OLS)http://semarc/publisher/49820 LEADER 00818nam a2200217 i 4500 001 000000071366 003 CaOOAMICUS 005 20101113000000.0 008 101113s1949 it u000 u ita u 013 $a42538 040 $aSeMil$bita 100 1 $aNigg, Walter,$d<1903-1988>.$0(OLS)http://semarc/name/90906 240 10$aGroße Heilige.$0(OLS)http://semarc/title/114772 245 10$aGrandi Santi /$cWalter Nigg. 260 $aRoma :$bCasa editrice Mediterranea,$c1949. 300 $a352 p. ;$c25 cm. 650 4$aAgiografia.$0(OLS)http://semarc/subject/327 850 $aSeMil 852 $aSeMil$W1$xVenegono$y1$m3J V 125$j37519$B37519$CSeMilBibl$Z2$F37522 $81 996 $6245$aGrandi Santi$9(OLS)http://semarc/title/114771 996 $6260$aRoma :$bCasa editrice Mediterranea$9(OLS)http://semarc/publisher/34160